Real estate tax credits and other financial incentives for investing in historic property in the United States (Record no. 102939)

MARC details
000 -LEADER
fixed length control field 00966cam a2200217 4500
001 - CONTROL NUMBER
control field ##J122816
008 - FIXED-LENGTH DATA ELEMENTS--GENERAL INFORMATION
fixed length control field 030630n2002 000 0 eng u
022 0# - INTERNATIONAL STANDARD SERIAL NUMBER
International Standard Serial Number 1354-506X
035 ## - SYSTEM CONTROL NUMBER
System control number (Sirsi) u122816
041 0# - LANGUAGE CODE
Language code of text/sound track or separate title eng
050 04 - LIBRARY OF CONGRESS CALL NUMBER
Classification number 332.63240973 $2 18
100 1# - MAIN ENTRY--PERSONAL NAME
Personal name Pickard, Robert
245 ## - TITLE STATEMENT
Title Real estate tax credits and other financial incentives for investing in historic property in the United States
260 ## - PUBLICATION, DISTRIBUTION, ETC.
Place of publication, distribution, etc. London
Name of publisher, distributor, etc. RICS Foundation
Date of publication, distribution, etc. 2002
490 #0 - SERIES STATEMENT
Series statement RICS Foundation Research Papers
Volume/sequential designation 4(17)
520 ## - SUMMARY, ETC.
Summary, etc. Examines the legislative and administrative background for designating historic property for protection in the United States and their rehabilitation against a whole series of financial inducements and mechanisms.
690 ## - LOCAL SUBJECT ADDED ENTRY--TOPICAL TERM (OCLC, RLIN)
Topical term or geographic name as entry element PROPERTY-PROPERTY FINANCE AND INVESTMENT
700 1# - ADDED ENTRY--PERSONAL NAME
Personal name Pickerill, Tracy
856 40 - ELECTRONIC LOCATION AND ACCESS
Uniform Resource Identifier <a href="https://www.rics.org/site/scripts/download_info.aspx?downloadID=2150">https://www.rics.org/site/scripts/download_info.aspx?downloadID=2150</a>
Public note View the research at www.rics.org...
942 ## - ADDED ENTRY ELEMENTS (KOHA)
Suppress in OPAC 0
Holdings
Withdrawn status Lost status Source of classification or shelving scheme Damaged status Not for loan Home library Current library Shelving location Date acquired Total Checkouts Full call number Barcode Date last seen Copy number Price effective from Koha item type
    Dewey Decimal Classification     Virtual Virtual Online 30/06/2003   ONLINE PUBLICATION 122816-1001 06/08/2019 1 06/08/2019 Book